[Event "Aeroflot Open A 2018"]
[Site "Moscow RUS"]
[Date "2018.02.24"]
[Round "5.41"]
[White "Indjic, Aleksandar"]
[Black "Shinkevich, Vitaly"]
[Result "1/2-1/2"]
[WhiteTitle "GM"]
[BlackTitle "IM"]
[WhiteElo "2612"]
[BlackElo "2454"]
[WhiteFideId "911925"]
[BlackFideId "4122690"]
[EventDate "2018.02.20"]

1. d4 Nf6 2. Nf3 g6 3. Nbd2 d5 4. b4 Bg7 5. Bb2 O-O 6. e3 c6 7. c4 a5 8. b5 a4
9. Ba3 Be6 10. Rb1 Nbd7 11. Bd3 c5 12. O-O cxd4 13. Nxd4 Bg4 14. Be2 Bxe2 15.
Qxe2 Re8 16. b6 Nxb6 17. c5 e5 18. Nf5 gxf5 19. Rxb6 d4 20. Nc4 d3 21. Qf3 Qd5
22. Nd6 e4 23. Qxf5 Qxf5 24. Nxf5 Nd5 25. Rd6 Nc3 26. Nxg7 Ne2+ 27. Kh1 Kxg7 28.
f3 exf3 29. Rxf3 Rad8 30. Bb2+ Kg8 31. e4 Rc8 32. Rdxd3 Rxc5 33. Rd2 Rec8 34.
Rfd3 h6 35. Rd8+ Rxd8 36. Rxd8+ Kh7 37. Rh8+ Kg6 38. Rg8+ Kh5 39. g4+ Kh4 40.
Kg2 Nf4+ 41. Kf3 Ne6 42. Bf6+ Ng5+ 43. Bxg5+ Rxg5 44. Rh8 Rg6 45. e5 b5 46. h3
b4 47. Rb8 b3 48. axb3 a3 49. Ra8 Kxh3 50. Rxa3 Rxg4 51. Ra7 Rg3+ 52. Ke4 Rxb3
53. Rxf7 Rb4+ 54. Kf5 h5 55. e6 Rb5+ 56. Kg6 h4 57. e7 Re5 58. Kf6 Re1 59. Rf8
Kg2 60. Rg8+ Kf2 1/2-1/2

[Event "Aeroflot Open A 2018"]
[Site "Moscow RUS"]
[Date "2018.02.24"]
[Round "5.42"]
[White "Belyakov, Bogdan"]
[Black "Aleksandrov, Aleksej"]
[Result "0-1"]
[WhiteTitle "IM"]
[BlackTitle "GM"]
[WhiteElo "2486"]
[BlackElo "2618"]
[WhiteFideId "24104795"]
[BlackFideId "13500139"]
[EventDate "2018.02.20"]

1. e4 e5 2. Nf3 Nc6 3. Bc4 Bc5 4. b4 Bxb4 5. c3 Ba5 6. d4 d6 7. Qb3 Qd7 8. O-O
Bb6 9. Nbd2 Na5 10. Qb1 Nxc4 11. Nxc4 exd4 12. cxd4 Qa4 13. Nxb6 axb6 14. Bb2
Ne7 15. Qc1 Qd7 16. d5 O-O 17. Qc3 f6 18. Rfd1 Rf7 19. h3 Ng6 20. Nd4 Qe8 21.
Re1 b5 22. Qg3 Re7 23. f3 Ne5 24. Red1 Nc4 25. Bc3 c5 26. Ne2 Qg6 27. Qf2 b4 28.
Bd2 Nxd2 29. Rxd2 f5 30. Re1 fxe4 31. Nf4 Qf6 32. Rxe4 Rxe4 33. fxe4 Bd7 34. Nd3
Qxf2+ 35. Kxf2 Bb5 36. Nc1 Kf7 37. Ke3 Ra3+ 38. Kf4 Kf6 39. e5+ dxe5+ 40. Ke4
Rc3 41. Nb3 Rc4+ 42. Ke3 b6 43. Rf2+ Ke7 44. Rf5 Rc3+ 45. Kf2 Kd6 46. Nd2 Rc2
47. Ke3 Kxd5 48. Rf8 Rxa2 49. Rd8+ Kc6 0-1

[Event "Aeroflot Open A 2018"]
[Site "Moscow RUS"]
[Date "2018.02.24"]
[Round "5.43"]
[White "Abdumalik, Zhansaya"]
[Black "Kotronias, Vasilios"]
[Result "1-0"]
[WhiteTitle "IM"]
[BlackTitle "GM"]
[WhiteElo "2449"]
[BlackElo "2529"]
[WhiteFideId "13703544"]
[BlackFideId "5900212"]
[EventDate "2018.02.20"]

1. e4 c5 2. Nf3 d6 3. d4 cxd4 4. Nxd4 Nf6 5. Nc3 a6 6. h3 g6 7. g4 Bg7 8. Bg2
O-O 9. Be3 Nc6 10. O-O Nxd4 11. Bxd4 e5 12. Be3 Be6 13. Qd2 Rc8 14. Rfd1 Rc6 15.
a4 Qc8 16. a5 h5 17. g5 Nh7 18. Kh2 f6 19. gxf6 Bxf6 20. Rac1 Bh4 21. Nd5 Bxd5
22. exd5 Rc7 23. c4 Qf5 24. c5 Ng5 25. cxd6 Rd7 26. Rc7 Rxd6 27. Qb4 Qf6 28. Bc5
Rdd8 29. Bxf8 Rxf8 30. d6 e4 31. Qc4+ Nf7 32. Kh1 Bxf2 33. Qxe4 Bg3 34. Rf1 Qxd6
35. Rcxf7 Rxf7 36. Qc4 1-0

[Event "Aeroflot Open A 2018"]
[Site "Moscow RUS"]
[Date "2018.02.24"]
[Round "5.44"]
[White "Gholami, Aryan"]
[Black "Dragnev, Valentin"]
[Result "1-0"]
[WhiteTitle "IM"]
[BlackTitle "IM"]
[WhiteElo "2489"]
[BlackElo "2461"]
[WhiteFideId "12513342"]
[BlackFideId "1634852"]
[EventDate "2018.02.20"]

1. d4 Nf6 2. c4 e6 3. Nc3 Bb4 4. Qc2 Nc6 5. Nf3 d6 6. a3 Bxc3+ 7. Qxc3 O-O 8. g3
e5 9. d5 Ne7 10. Bg2 Ne4 11. Qc2 f5 12. O-O Qe8 13. Nh4 Nf6 14. f4 e4 15. b3 h6
16. Qd1 Qh5 17. Bh3 g5 18. fxg5 hxg5 19. Nxf5 Ng6 20. Qd2 Qxh3 21. Qxg5 Bxf5 22.
Rxf5 Kh7 23. Bb2 Nd7 24. Raf1 Rxf5 25. Rxf5 Rf8 26. Rxf8 Ndxf8 27. Qf6 Qd7 28.
h4 Qe7 29. Qf5 Kg8 30. Bf6 Qd7 31. Qg5 Kf7 32. h5 Ne5 33. Qg7+ Ke8 34. h6 Ng4
35. Bh4 c6 36. Qg5 Ne5 37. c5 Nf7 38. Qh5 dxc5 39. dxc6 Qd4+ 40. Kg2 bxc6 41. h7
Nxh7 42. Qxh7 Qd5 43. g4 c4 44. Qg8+ Kd7 45. Qb8 e3+ 46. Kg3 Qd6+ 47. Qxd6+ Nxd6
48. bxc4 Nxc4 49. a4 a5 50. Kf4 Ke6 51. Be1 Kf6 52. Bc3+ Kg6 53. Bd4 Kf7 54. Ke4
Ke6 55. Kd3 Nd6 56. Bxe3 Kd5 57. Bb6 Ne4 58. Kc2 Ke5 59. Bxa5 Kf4 60. Bb6 Nf6
61. g5 Kxg5 62. Bd8 1-0

[Event "Aeroflot Open A 2018"]
[Site "Moscow RUS"]
[Date "2018.02.24"]
[Round "5.45"]
[White "Bellaiche, Anthony"]
[Black "Pogonina, Natalija"]
[Result "1/2-1/2"]
[WhiteTitle "IM"]
[BlackTitle "WGM"]
[WhiteElo "2485"]
[BlackElo "2478"]
[WhiteFideId "615668"]
[BlackFideId "4147855"]
[EventDate "2018.02.20"]

1. d4 Nf6 2. c4 e6 3. Nc3 d5 4. cxd5 exd5 5. Bg5 c6 6. e3 Be7 7. Bd3 Nbd7 8.
Nge2 O-O 9. Qc2 Re8 10. O-O Nf8 11. a3 a5 12. f3 g6 13. Kh1 Ne6 14. Bh4 b5 15.
Bf2 Bb7 16. e4 Rc8 17. e5 Nh5 18. Qd2 b4 19. axb4 Bxb4 20. f4 c5 21. f5 Nxd4 22.
Nxd4 cxd4 23. Bxd4 Qh4 24. Qe3 Rc4 25. Bxc4 dxc4 26. fxg6 hxg6 27. Qf2 Qxf2 28.
Rxf2 Ng7 29. Re2 Ne6 30. Be3 Kg7 31. Kg1 Bc6 32. Rf2 Rb8 33. Ne2 Nc5 34. Rf6 Be8
35. Raf1 Rd8 36. Nd4 Ne4 37. R6f4 Nc5 38. e6 fxe6 39. Nf3 Kg8 40. Ng5 Nd3 41.
Rxc4 Nxb2 42. Rc2 Nd1 43. Bb6 Rb8 44. Bd4 e5 45. Bxe5 Rb5 46. Bf6 Rc5 47. Re2
Bb5 48. Re7 Rxg5 49. Rg7+ Kf8 50. Rxd1 Rf5 51. Ba1 Bc5+ 52. Kh1 Be8 53. Rc7 Bb4
54. g4 Rf2 55. Bd4 Rf4 56. Bg7+ Kg8 57. Be5 Rf7 58. Rxf7 Kxf7 59. Kg2 Ke6 60.
Bf4 a4 61. Bd2 Be7 62. Re1+ Kf7 63. g5 Bd7 64. h4 Bf5 65. Bc3 Bd6 66. Kf3 a3 67.
Be5 Bb4 68. Re3 a2 69. Rb3 Bd6 70. Ba1 Ke6 71. Rb7 Bb1 72. Rb6 Kd5 73. Ra6 Ke6
74. Bh8 Ke7 75. Bg7 Bh2 76. h5 gxh5 77. g6 Bd6 78. Ba1 1/2-1/2

[Event "Aeroflot Open A 2018"]
[Site "Moscow RUS"]
[Date "2018.02.25"]
[Round "6.1"]
[White "Kovalev, Vladislav"]
[Black "Artemiev, Vladislav"]
[Result "1-0"]
[WhiteTitle "GM"]
[BlackTitle "GM"]
[WhiteElo "2641"]
[BlackElo "2697"]
[WhiteFideId "13504398"]
[BlackFideId "24101605"]
[EventDate "2018.02.20"]

1. e4 c5 2. Nf3 d6 3. Bb5+ Nd7 4. O-O a6 5. Bd3 Ngf6 6. Re1 g6 7. c3 Bh6 8. a4
Nb8 9. Na3 Nc6 10. h3 O-O 11. Bf1 d5 12. exd5 Qxd5 13. Nc4 Rb8 14. Nce5 Nxe5 15.
Rxe5 Qd6 16. d4 Bxc1 17. Rxc1 cxd4 18. Qxd4 Qxd4 19. Nxd4 e6 20. g3 Bd7 21. a5
Rfc8 22. Rd1 Be8 23. f4 Nd5 24. Kf2 Rc7 25. Bg2 Ne7 26. g4 Rd7 27. Rde1 Kf8 28.
h4 Rd6 29. Rc5 Bd7 30. b4 Nc6 31. Nf3 Rc8 32. Ng5 Rd2+ 33. Re2 Rd1 34. Nxh7+ Kg7
35. Ng5 e5 36. fxe5 Bxg4 37. Re1 Rd2+ 38. Kg3 Bf5 39. e6 Rd3+ 40. Kf2 f6 41.
Bxc6 bxc6 42. Nf3 Bg4 43. Nd4 Rh8 44. Re3 Rd1 45. e7 Bd7 46. Nxc6 g5 47. Nd4
gxh4 48. Rd5 Ba4 49. Nf5+ Kg6 50. Rxd1 Kxf5 51. Rd8 Be8 52. b5 h3 53. bxa6 h2
54. Re1 h1=Q 55. Rxh1 Rxh1 56. Rxe8 1-0

[Event "Aeroflot Open A 2018"]
[Site "Moscow RUS"]
[Date "2018.02.25"]
[Round "6.2"]
[White "Petrosian, Tigran L."]
[Black "Lysyj, Igor"]
[Result "1/2-1/2"]
[WhiteTitle "GM"]
[BlackTitle "GM"]
[WhiteElo "2589"]
[BlackElo "2618"]
[WhiteFideId "13301616"]
[BlackFideId "4150120"]
[EventDate "2018.02.20"]

1. e4 e5 2. Nf3 Nc6 3. Nc3 Nf6 4. d4 exd4 5. Nxd4 Bb4 6. Nxc6 bxc6 7. Bd3 O-O 8.
O-O d5 9. exd5 cxd5 10. h3 c6 11. Qf3 Bd6 12. Bf4 Be6 13. b3 Re8 14. Rad1 Bxf4
15. Qxf4 Qa5 16. Qd2 Qc7 17. Rfe1 c5 18. Nb5 Qb6 19. Qf4 Rad8 20. Nc7 Re7 21.
Nxe6 Rxe6 22. Rxe6 Qxe6 23. b4 cxb4 24. Qxb4 Qb6 25. Rb1 Rb8 26. c3 Qxb4 27.
cxb4 Kf8 28. Kf1 Ke7 29. Ke2 Kd6 30. Kd2 Ne4+ 31. Bxe4 dxe4 32. b5 a6 33. a4
axb5 34. axb5 Kc5 35. Ke3 Rxb5 36. Rxb5+ Kxb5 37. Kxe4 Kc6 38. Ke5 Kd7 39. g4
f6+ 40. Kd5 g5 41. f3 h6 42. Ke4 Ke6 43. f4 gxf4 44. Kxf4 h5 45. gxh5 1/2-1/2

[Event "Aeroflot Open A 2018"]
[Site "Moscow RUS"]
[Date "2018.02.25"]
[Round "6.3"]
[White "Fedoseev, Vladimir3"]
[Black "Tabatabaei, M.amin"]
[Result "0-1"]
[WhiteTitle "GM"]
[BlackTitle "IM"]
[WhiteElo "2724"]
[BlackElo "2577"]
[WhiteFideId "24130737"]
[BlackFideId "12521213"]
[EventDate "2018.02.20"]

1. e4 c6 2. d4 d5 3. e5 Bf5 4. h4 h6 5. g4 Be4 6. f3 Bh7 7. e6 Qd6 8. exf7+ Kxf7
9. Bd3 Bxd3 10. Qxd3 Nd7 11. h5 e5 12. f4 exd4 13. Qf5+ Ngf6 14. g5 hxg5 15.
fxg5 Qg3+ 16. Kf1 Re8 17. Nf3 Re2 18. Kxe2 Qg2+ 19. Kd3 Qf2 20. Nxd4 Nc5+ 21.
Kc3 Ne4+ 22. Kd3 Nc5+ 23. Kc3 Ne4+ 24. Kb3 Qxd4 25. c3 Qd3 26. Qf1 Nc5+ 27. Ka3
Rxh5 28. Rg1 Qc2 29. b4 a5 30. gxf6 axb4+ 31. cxb4 Qa4+ 32. Kb2 Qxb4+ 33. Kc2
Qa4+ 34. Kb2 Qd4+ 35. Kc2 Qe4+ 36. Kd1 Rf5 37. Qg2 Qa4+ 38. Ke2 Qc2+ 39. Nd2
Re5+ 40. Kf2 Ne4+ 0-1

[Event "Aeroflot Open A 2018"]
[Site "Moscow RUS"]
[Date "2018.02.25"]
[Round "6.4"]
[White "Alekseenko, Kirill"]
[Black "Matlakov, Maxim"]
[Result "1/2-1/2"]
[WhiteTitle "GM"]
[BlackTitle "GM"]
[WhiteElo "2609"]
[BlackElo "2709"]
[WhiteFideId "4135539"]
[BlackFideId "4168003"]
[EventDate "2018.02.20"]

1. e4 e5 2. Nf3 Nc6 3. Bb5 a6 4. Ba4 Nf6 5. O-O Be7 6. Re1 b5 7. Bb3 O-O 8. c3
d5 9. exd5 Nxd5 10. Nxe5 Nxe5 11. Rxe5 c6 12. d3 Bd6 13. Re1 Bf5 14. Qf3 Qh4 15.
g3 Qh3 16. Be3 Bxd3 17. Nd2 Qf5 18. Bd4 Rfd8 19. a4 h6 20. Kg2 Bf8 21. Re5 Qxf3+
22. Kxf3 b4 23. Rd1 bxc3 24. bxc3 Rab8 25. Ree1 Rxb3 26. Nxb3 Bc2 27. Na5 Bxd1+
28. Rxd1 Nxc3 29. Nxc6 Rd6 30. Rc1 Nxa4 31. Ke4 Re6+ 32. Kd5 Ba3 33. Rc4 Nb2 34.
Rc3 Bf8 35. f4 Nd1 36. Rb3 Rd6+ 37. Kc5 Nf2 38. Rb8 Ne4+ 39. Kb6 Nf6 40. Kb7 Re6
41. Rd8 Ne8 42. Be5 f6 43. f5 Rxe5 44. Nxe5 Nd6+ 45. Rxd6 Bxd6 46. Nc4 Bc5 47.
Kxa6 g6 48. g4 h5 1/2-1/2

[Event "Aeroflot Open A 2018"]
[Site "Moscow RUS"]
[Date "2018.02.25"]
[Round "6.5"]
[White "Bologan, Victor"]
[Black "Sargissian, Gabriel"]
[Result "1/2-1/2"]
[WhiteTitle "GM"]
[BlackTitle "GM"]
[WhiteElo "2600"]
[BlackElo "2677"]
[WhiteFideId "13900048"]
[BlackFideId "13300881"]
[EventDate "2018.02.20"]

1. e4 e5 2. Nf3 Nc6 3. Bc4 Bc5 4. O-O Nf6 5. d3 d6 6. c3 a6 7. Bb3 Ba7 8. Re1
O-O 9. h3 h6 10. Nbd2 Re8 11. Nf1 Be6 12. N3h2 Bxb3 13. axb3 d5 14. Qf3 Re6 15.
Ng3 Ne7 16. b4 Qd7 17. Ng4 Nxg4 18. hxg4 Rd8 19. Nf5 f6 20. exd5 Qxd5 21. Qxd5
Rxd5 22. d4 Nxf5 23. gxf5 Rc6 24. dxe5 fxe5 25. Be3 Bxe3 26. Rxe3 Kf7 27. Rae1
Kf6 28. Rg3 Rcd6 29. Rge3 Kxf5 30. c4 Rd1 31. Rxe5+ Kf6 32. b5 axb5 33. cxb5
Rxe1+ 34. Rxe1 Rb6 35. Rc1 Rxb5 36. Rxc7 Rxb2 37. g4 b5 38. Kg2 b4 39. Rc6+ Ke5
40. Rg6 b3 41. Rxg7 Rd2 42. Rb7 b2 43. Kg3 Kd4 44. f4 Kc3 45. Rc7+ Kd3 46. Rb7
Kc2 47. Rc7+ Kd1 48. Rb7 Kc1 49. Kh4 Rf2 50. f5 Rh2+ 51. Kg3 Rh1 52. Kf4 b1=Q
53. Rxb1+ Kxb1 54. f6 Rf1+ 55. Ke5 Kc2 56. Ke6 Kd3 57. f7 Ke4 58. Ke7 Ke5 59.
f8=Q Rxf8 60. Kxf8 Kf6 61. Kg8 1/2-1/2

[Event "Aeroflot Open A 2018"]
[Site "Moscow RUS"]
[Date "2018.02.25"]
[Round "6.6"]
[White "Karthikeyan, Murali"]
[Black "Korobov, Anton"]
[Result "1/2-1/2"]
[WhiteTitle "GM"]
[BlackTitle "GM"]
[WhiteElo "2585"]
[BlackElo "2664"]
[WhiteFideId "5074452"]
[BlackFideId "14105730"]
[EventDate "2018.02.20"]

1. Nf3 d5 2. g3 g6 3. Bg2 Bg7 4. d4 c6 5. O-O Nf6 6. c4 O-O 7. Nbd2 Bf5 8. b3
Nbd7 9. Bb2 Ne4 10. Nh4 Nxd2 11. Qxd2 Be6 12. cxd5 cxd5 13. Qb4 a5 14. Qxb7 a4
15. Bxd5 a3 16. Bc1 Rb8 17. Qc6 Rc8 18. Qb5 Rb8 19. Qc6 Rc8 20. Qb5 Rb8 21. Qc6 1/2-1/2

[Event "Aeroflot Open A 2018"]
[Site "Moscow RUS"]
[Date "2018.02.25"]
[Round "6.7"]
[White "Gordievsky, Dmitry"]
[Black "Khalifman, Alexander"]
[Result "1/2-1/2"]
[WhiteTitle "GM"]
[BlackTitle "GM"]
[WhiteElo "2630"]
[BlackElo "2614"]
[WhiteFideId "24112798"]
[BlackFideId "4100115"]
[EventDate "2018.02.20"]

1. Nf3 Nf6 2. g3 g6 3. b3 Bg7 4. Bb2 b6 5. e4 O-O 6. e5 Ne8 7. Bg2 d5 8. O-O c5
9. d4 Nc7 10. c4 e6 11. Nbd2 Bb7 12. Ba3 Nd7 13. Qe2 Re8 14. Rac1 a5 15. Rfd1
Qb8 16. Qe3 Na6 17. Bb2 Nb4 18. a3 Nc6 19. cxd5 exd5 20. Qf4 cxd4 21. Bxd4 Nxd4
22. Qxd4 Nxe5 23. Nxe5 Rxe5 1/2-1/2

[Event "Aeroflot Open A 2018"]
[Site "Moscow RUS"]
[Date "2018.02.25"]
[Round "6.8"]
[White "Andreikin, Dmitry"]
[Black "Paravyan, David"]
[Result "1/2-1/2"]
[WhiteTitle "GM"]
[BlackTitle "GM"]
[WhiteElo "2712"]
[BlackElo "2603"]
[WhiteFideId "4158814"]
[BlackFideId "4194985"]
[EventDate "2018.02.20"]

1. Nf3 Nf6 2. b3 g6 3. Bb2 Bg7 4. g3 b6 5. Bg2 Bb7 6. O-O O-O 7. c4 c5 8. Nc3 d5
9. Nxd5 Nxd5 10. Bxg7 Kxg7 11. cxd5 Qxd5 12. d4 Na6 13. e4 Qd6 14. d5 e6 15. Nd2
exd5 16. Nc4 Qf6 17. exd5 Rad8 18. Qd2 Nc7 19. Ne3 h5 20. Rac1 Rd7 21. Rc4 Nxd5
22. Nxd5 Bxd5 23. Rf4 Be6 24. Qc1 Qe5 25. Re1 Qd6 26. Qc3+ Kg8 27. h4 Qd2 28.
Qe5 Qxa2 29. Be4 Qxb3 30. Kh2 Rd4 31. Bxg6 Rxf4 32. Bh7+ Kxh7 33. Qxh5+ Kg7 34.
Qg5+ Kh7 35. Qh5+ Kg7 36. Qg5+ 1/2-1/2

[Event "Aeroflot Open A 2018"]
[Site "Moscow RUS"]
[Date "2018.02.25"]
[Round "6.9"]
[White "Yakubboev, Nodirbek"]
[Black "Mamedov, Rauf"]
[Result "1/2-1/2"]
[WhiteTitle "IM"]
[BlackTitle "GM"]
[WhiteElo "2462"]
[BlackElo "2709"]
[WhiteFideId "14203987"]
[BlackFideId "13401653"]
[EventDate "2018.02.20"]

1. d4 Nf6 2. c4 g6 3. g3 Bg7 4. Bg2 O-O 5. Nc3 d6 6. Nf3 Nbd7 7. O-O e5 8. e4 a6
9. Qc2 exd4 10. Nxd4 Rb8 11. Rd1 Re8 12. h3 Qe7 13. Bf4 Nh5 14. Be3 1/2-1/2

[Event "Aeroflot Open A 2018"]
[Site "Moscow RUS"]
[Date "2018.02.25"]
[Round "6.10"]
[White "Inarkiev, Ernesto"]
[Black "Antipov, Mikhail Al."]
[Result "1/2-1/2"]
[WhiteTitle "GM"]
[BlackTitle "GM"]
[WhiteElo "2684"]
[BlackElo "2598"]
[WhiteFideId "4162722"]
[BlackFideId "4107012"]
[EventDate "2018.02.20"]

1. d4 d5 2. c4 c6 3. Nf3 Nf6 4. e3 Bf5 5. Nc3 a6 6. Be2 h6 7. Qb3 Ra7 8. cxd5
cxd5 9. Ne5 e6 10. O-O Be7 11. Bd2 O-O 12. Rfc1 Nbd7 13. Nxd7 Nxd7 14. Na4 b5
15. Nc5 Nb6 16. a4 Nxa4 17. Nxa4 bxa4 18. Qxa4 Bd6 19. b4 Qb8 20. h3 Rb7 21.
Bxa6 Bxb4 22. Bxb7 Bxd2 23. Qc6 Bxc1 24. Ra8 Qxa8 25. Bxa8 Ba3 26. Qb7 Rd8 27.
Qa7 Bd6 28. Bb7 h5 29. h4 Kf8 30. f3 Be7 31. e4 dxe4 32. fxe4 Bg4 33. g3 g6 34.
Bc6 Bf6 35. Qc5+ Kg8 36. d5 exd5 37. exd5 Be5 38. Qe7 Bd4+ 39. Kg2 Rb8 40. Bb7
Kg7 41. d6 Bf6 42. Qc7 Rd8 43. Bd5 Rd7 44. Qc5 Rd8 45. Bc4 Rc8 46. Qb5 Rd8 47.
Qb6 Rd7 48. Qc5 Rd8 49. Kf1 Rc8 50. Qb5 Rd8 51. Qb6 Rc8 52. Qb5 Rd8 53. Qb6 Rc8
54. Qb5 1/2-1/2

[Event "Aeroflot Open A 2018"]
[Site "Moscow RUS"]
[Date "2018.02.25"]
[Round "6.12"]
[White "Sasikiran, Krishnan"]
[Black "Tari, Aryan"]
[Result "1-0"]
[WhiteTitle "GM"]
[BlackTitle "GM"]
[WhiteElo "2671"]
[BlackElo "2597"]
[WhiteFideId "5004985"]
[BlackFideId "1510045"]
[EventDate "2018.02.20"]

1. e4 c6 2. d4 d5 3. e5 Bf5 4. Nd2 e6 5. Nb3 Nd7 6. Nf3 Qc7 7. Nh4 Be4 8. f3 Bg6
9. Nxg6 hxg6 10. f4 c5 11. c3 Ne7 12. Be3 Nf5 13. Bf2 cxd4 14. cxd4 a5 15. Bd3
a4 16. Nd2 a3 17. Rb1 axb2 18. Rxb2 Ra3 19. Rc2 Rc3 20. O-O Bb4 21. Nf3 O-O 22.
g4 Ne7 23. Be1 Rxc2 24. Bxb4 Rxa2 25. Bxe7 Nxe5 26. Bxf8 Nxd3 27. Qxd3 Qxf4 28.
Bd6 Qxd6 29. Ne5 Qc7 30. Qb3 Re2 31. Qf3 Rd2 32. Qf4 Re2 33. Qxf7+ Qxf7 34. Nxf7
Re4 35. h3 Rxd4 36. Ng5 e5 37. Ne6 1-0

[Event "Aeroflot Open A 2018"]
[Site "Moscow RUS"]
[Date "2018.02.25"]
[Round "6.13"]
[White "Piorun, Kacper"]
[Black "Xu, Yi"]
[Result "1/2-1/2"]
[WhiteTitle "GM"]
[BlackTitle "IM"]
[WhiteElo "2659"]
[BlackElo "2490"]
[WhiteFideId "1130420"]
[BlackFideId "8605564"]
[EventDate "2018.02.20"]

1. Nf3 Nf6 2. g3 d5 3. Bg2 e6 4. O-O Be7 5. d3 O-O 6. Nbd2 c5 7. e4 Nc6 8. Re1
b5 9. exd5 exd5 10. a4 bxa4 11. Rxa4 Bd7 12. Ra1 h6 13. b3 Be6 14. Bb2 Nd7 15.
d4 Bf6 16. Nf1 Qb6 17. dxc5 Qxc5 18. Bxf6 Nxf6 19. Ne5 Nxe5 20. Rxe5 a5 21. Ra4
Qc7 22. Re1 Bd7 23. Rd4 a4 24. bxa4 Rxa4 25. Ne3 Qc5 26. Rxa4 Bxa4 27. Qa1 Bd7
28. Rd1 Be6 29. Qd4 Rc8 30. Qxc5 1/2-1/2

[Event "Aeroflot Open A 2018"]
[Site "Moscow RUS"]
[Date "2018.02.25"]
[Round "6.14"]
[White "Sethuraman, S.P."]
[Black "Aryan, Chopra"]
[Result "1-0"]
[WhiteTitle "GM"]
[BlackTitle "GM"]
[WhiteElo "2646"]
[BlackElo "2509"]
[WhiteFideId "5021596"]
[BlackFideId "5084423"]
[EventDate "2018.02.20"]

1. d4 Nf6 2. c4 g6 3. Nc3 Bg7 4. e4 d6 5. f3 O-O 6. Be3 c5 7. Nge2 Nc6 8. d5 Ne5
9. Ng3 h5 10. Be2 h4 11. Nf1 e6 12. Bg5 h3 13. Ne3 hxg2 14. Rg1 Qa5 15. Bxf6
Bxf6 16. f4 exd5 17. Nxd5 Bh4+ 18. Kd2 Nc6 19. Rxg2 Bh3 20. Rg1 Kg7 21. Bg4 Bxg4
22. Qxg4 Qd8 23. Rad1 Rh8 24. Kc1 Bf2 25. Rg2 Bd4 26. e5 Qh4 27. Qd7 Qh3 28.
Qxh3 Rxh3 29. exd6 Rd8 30. Ne4 Rh4 31. Re1 f5 32. Ng5 Rxd6 33. Re8 Rg4 34. Rge2
Rg1+ 35. Kd2 Rb1 36. Ne6+ Kf7 37. Rf8# 1-0

[Event "Aeroflot Open A 2018"]
[Site "Moscow RUS"]
[Date "2018.02.25"]
[Round "6.15"]
[White "Xu, Xiangyu"]
[Black "Romanov, Evgeny"]
[Result "1/2-1/2"]
[WhiteTitle "GM"]
[BlackTitle "GM"]
[WhiteElo "2545"]
[BlackElo "2621"]
[WhiteFideId "8608288"]
[BlackFideId "4148843"]
[EventDate "2018.02.20"]

1. d4 Nf6 2. c4 e6 3. g3 Bb4+ 4. Nd2 d5 5. Bg2 O-O 6. Nf3 b6 7. O-O Bb7 8. a3
Be7 9. cxd5 exd5 10. Nb1 Ne4 11. Bf4 Re8 12. Qa4 Nd7 13. Nc3 Bd6 14. Bxd6 Nxc3
15. bxc3 cxd6 16. Rfe1 Nf6 17. Rac1 Re7 18. c4 Rc8 19. Nd2 Ne4 1/2-1/2

[Event "Aeroflot Open A 2018"]
[Site "Moscow RUS"]
[Date "2018.02.25"]
[Round "6.16"]
[White "Maghsoodloo, Parham"]
[Black "Wen, Yang"]
[Result "1-0"]
[WhiteTitle "GM"]
[BlackTitle "GM"]
[WhiteElo "2594"]
[BlackElo "2608"]
[WhiteFideId "12539929"]
[BlackFideId "8602956"]
[EventDate "2018.02.20"]

1. Nf3 d5 2. c4 c6 3. e3 Nf6 4. b3 Bg4 5. Bb2 Nbd7 6. h3 Bxf3 7. Qxf3 e6 8. g3
Bd6 9. Bg2 Qe7 10. O-O O-O 11. Qe2 a5 12. Nc3 Ba3 13. d4 Bxb2 14. Qxb2 h6 15.
Rfe1 Rfd8 16. a3 Ne8 17. c5 e5 18. f4 e4 19. b4 axb4 20. axb4 g5 21. Qf2 Ng7 22.
b5 Nf8 23. f5 Nd7 24. g4 Qf6 25. Qb2 b6 26. bxc6 Qxc6 27. Qb3 bxc5 28. Qxd5 Qxd5
29. Nxd5 Rxa1 30. Rxa1 cxd4 31. exd4 Ne8 32. Ne7+ Kf8 33. Nc6 Rc8 34. Bxe4 h5
35. Bf3 hxg4 36. hxg4 Ndf6 37. Ne5 Rc2 38. Ra7 Nd6 39. Ra6 Nde8 40. Kf1 Rd2 41.
Ra4 Nd6 42. Ke1 Rb2 43. Ra6 Nde8 44. Ra8 Rb4 45. Rd8 Rb2 46. Bc6 Ke7 47. Ra8 Nd6
48. Ra7+ Kd8 49. Nxf7+ Nxf7 50. Rxf7 Nxg4 51. f6 Rf2 52. Rd7+ Ke8 53. Ra7+ Kd8
54. f7 Rf4 55. Rd7+ Kc8 56. Re7 Kd8 57. Re8+ Kc7 58. Bd5 1-0

[Event "Aeroflot Open A 2018"]
[Site "Moscow RUS"]
[Date "2018.02.25"]
[Round "6.17"]
[White "Karavade, Eesha"]
[Black "Zvjaginsev, Vadim"]
[Result "0-1"]
[WhiteTitle "IM"]
[BlackTitle "GM"]
[WhiteElo "2386"]
[BlackElo "2629"]
[WhiteFideId "5012600"]
[BlackFideId "4113403"]
[EventDate "2018.02.20"]

1. d4 c5 2. d5 d6 3. e4 Nf6 4. Nc3 g6 5. Be2 Bg7 6. Nf3 O-O 7. h3 b5 8. Nxb5
Nxe4 9. O-O Nd7 10. Bd3 a6 11. Na3 f5 12. c3 Ndf6 13. Ng5 h6 14. Nxe4 fxe4 15.
Bc4 g5 16. Nc2 g4 17. hxg4 Bxg4 18. Be2 Bxe2 19. Qxe2 Qe8 20. Bd2 Qg6 21. Ne3
Rf7 22. Rae1 Raf8 23. f4 exf3 24. Rxf3 Ne4 25. Rxf7 Rxf7 26. Nc4 Ng3 27. Qe3 Qg4
28. Qe6 Qxc4 29. Bxh6 Qh4 0-1

[Event "Aeroflot Open A 2018"]
[Site "Moscow RUS"]
[Date "2018.02.25"]
[Round "6.19"]
[White "Xu, Yinglun"]
[Black "Najer, Evgeniy"]
[Result "0-1"]
[WhiteTitle "GM"]
[BlackTitle "GM"]
[WhiteElo "2538"]
[BlackElo "2683"]
[WhiteFideId "8604940"]
[BlackFideId "4118987"]
[EventDate "2018.02.20"]

1. d4 Nf6 2. c4 e6 3. Nf3 d5 4. Nc3 Bb4 5. Qa4+ Nc6 6. e3 O-O 7. Qc2 dxc4 8.
Bxc4 Bd6 9. a3 e5 10. d5 Ne7 11. h3 Ng6 12. O-O h6 13. Bd3 Re8 14. Re1 Bd7 15.
Bd2 c6 16. Ne4 Bf8 17. dxc6 Bxc6 18. Nxf6+ Qxf6 19. Be4 Rac8 20. Bc3 Bxe4 21.
Qxe4 Qc6 22. Qxc6 Rxc6 23. e4 Nf4 24. Rad1 f6 25. Rd7 Re7 26. Rd8 Rec7 27. Bb4
Ne6 28. Ra8 Rc8 29. Rxc8 Rxc8 30. Bxf8 Kxf8 31. Re2 Rc1+ 32. Kh2 g5 33. g3 Ke7
34. Kg2 h5 35. Nh2 Nd4 36. Rd2 Re1 37. Nf3 Rxe4 38. Nxd4 Rxd4 39. Rc2 Kd7 40.
Kf3 b6 41. Ke2 f5 42. Rc1 h4 43. Rc3 Kd6 44. Rc8 hxg3 45. fxg3 Ke6 46. Rg8 Kf6
47. Rf8+ Kg6 48. Rg8+ Kh6 49. Rh8+ Kg7 50. Re8 e4 51. Re7+ Kf6 52. Rxa7 Rd3 53.
Ra4 Rb3 54. g4 Rxb2+ 55. Ke3 Rb3+ 56. Ke2 fxg4 0-1